[Event "Oberliga Nord O 0708"]
[Site "Germany"]
[Date "2008.03.09"]
[Round "7.2"]
[White "Thiele, Matthias"]
[Black "Janaszak, Dawid"]
[Result "1/2-1/2"]
[WhiteElo "2237"]
[BlackElo "2339"]
[PlyCount "62"]
[EventDate "2007.10.21"]
[EventType "team-tourn"]
[EventRounds "9"]
[EventCountry "GER"]
[SourceTitle "EXT 2009"]
[Source "ChessBase"]
[SourceDate "2008.11.26"]
[SourceVersion "1"]
[SourceVersionDate "2008.11.26"]
[SourceQuality "1"]
[WhiteTeam "Koenig Tegel II"]
[BlackTeam "Zehlendorf II"]
[WhiteTeamCountry "GER"]
[BlackTeamCountry "GER"]

1. Nf3 Nf6 2. c4 g6 3. g3 Bg7 4. Bg2 0-0 5. 0-0 d6 6. Nc3 Nc6 7. Rb1 a5 8. a3 e5 9. b4 axb4 10. axb4 Be6 11. b5 Ne7 12. d3 h6 13. Bb2 Qd7 14. Re1 Bh3 15. Bh1 Rfe8 16. Qc2 Nf5 17. e3 c6 18. Ra1 cxb5 19. Nxb5 Rec8 20. Rxa8 Rxa8 21. Nd2 Ra6 22. Rb1 Ng4 23. Bc1 h5 24. Ne4 Qd8 25. Nbc3 Ra7 26. Nd5 Bh6 27. Qe2 Ne7 28. Nec3 Nc6 29. Nb5 Ra6 30. Nbc3 Ra7 31. Nb5 Ra6 1/2-1/2

[Event "Oberliga Nord O 0708"]
[Site "Germany"]
[Date "2007.10.21"]
[Round "1.2"]
[White "Neubauer, Bernd"]
[Black "Thiele, Matthias"]
[Result "0-1"]
[WhiteElo "2189"]
[BlackElo "2237"]
[PlyCount "48"]
[EventDate "2007.10.21"]
[EventType "team-tourn"]
[EventRounds "9"]
[EventCountry "GER"]
[SourceTitle "EXT 2009"]
[Source "ChessBase"]
[SourceDate "2008.11.26"]
[SourceVersion "1"]
[SourceVersionDate "2008.11.26"]
[SourceQuality "1"]
[WhiteTeam "Eberswalde"]
[BlackTeam "Koenig Tegel II"]
[WhiteTeamCountry "GER"]
[BlackTeamCountry "GER"]

1. d4 Nf6 2. c4 c5 3. d5 b5 4. cxb5 a6 5. bxa6 Bxa6 6. Nc3 d6 7. g3 g6 8. Bg2 Bg7 9. Nf3 Nbd7 10. h3 0-0 11. 0-0 Qa5 12. Qc2 Rfb8 13. Rd1 Nb6 14. Rb1 Nc4 15. Nd2 Nd7 16. Nxc4 Bxc4 17. Qe4 Bxa2 18. Ra1 Bxc3 19. bxc3 Qxc3 20. Bb2 Qe5 21. Qxe5 Nxe5 22. Bc3 f6 23. f4 Nc4 24. Rdc1 Ne3 0-1

[Event "Oberliga Nord O 0506"]
[Site "Germany"]
[Date "2006.03.12"]
[Round "8.4"]
[White "Thiele, Matthias"]
[Black "Syre, Christian"]
[Result "1-0"]
[WhiteElo "2199"]
[BlackElo "2259"]
[PlyCount "65"]
[EventDate "2005.10.23"]
[EventType "team-tourn"]
[EventRounds "9"]
[EventCountry "GER"]
[SourceTitle "EXT 2007"]
[Source "ChessBase"]
[SourceDate "2006.11.23"]
[SourceVersion "1"]
[SourceVersionDate "2006.11.23"]
[SourceQuality "1"]
[WhiteTeam "Koenig Tegel II"]
[BlackTeam "Oberschoeneweide"]
[WhiteTeamCountry "GER"]
[BlackTeamCountry "GER"]

1. Nf3 g6 2. c4 Bg7 3. Nc3 d6 4. g3 e5 5. Bg2 Nf6 6. 0-0 0-0 7. b4 a5 8. b5 Nbd7 9. Ba3 Re8 10. Rc1 Nh5 11. d3 f5 12. Nd2 Ndf6 13. Nd5 e4 14. Qc2 e3 15. Nxe3 Rxe3 16. fxe3 Ng4 17. Rf3 Bh6 18. Nf1 b6 19. Rf4 Be6 20. Bb2 Rb8 21. d4 Qe7 22. c5 bxc5 23. dxc5 Rxb5 24. cxd6 cxd6 25. Bd4 Nxf4 26. exf4 Rb4 27. Qd3 Bg7 28. Bxg7 Kxg7 29. Qa6 Kh6 30. h3 Nf6 31. Qxa5 Rb2 32. Rc7 Qd8 33. g4 1-0

[Event "JBLN Ost 0102"]
[Site "Germany"]
[Date "2002.04.20"]
[Round "?"]
[White "Ebel, Tobias"]
[Black "Thiele, Matthias"]
[Result "1/2-1/2"]
[WhiteElo "1613"]
[BlackElo "2100"]
[PlyCount "40"]
[EventDate "2002.10.??"]
[EventType "team"]
[EventRounds "9"]
[EventCountry "GER"]
[SourceTitle "EXT 2005"]
[Source "ChessBase"]
[SourceDate "2004.11.15"]
[SourceVersion "1"]
[SourceVersionDate "2004.11.15"]
[SourceQuality "1"]

1. e4 c5 2. Nf3 Nc6 3. d4 cxd4 4. Nxd4 Nf6 5. Nc3 g6 6. Be3 Bg7 7. Bc4 0-0 8. f3 d6 9. Qd2 Qa5 10. Bb3 Bd7 11. 0-0-0 Rfc8 12. h4 h5 13. Rhg1 a6 14. Nxc6 Bxc6 15. Bd4 b5 16. Nd5 Qxd2+ 17. Rxd2 Nxd5 18. Bxg7 Kxg7 19. Bxd5 Bxd5 20. Rxd5 Rc4 1/2-1/2

[Event "Oberliga Nord O 0102"]
[Site "Germany"]
[Date "2001.10.07"]
[Round "1.7"]
[White "Holzapfel, Daniel"]
[Black "Thiele, Matthias"]
[Result "1/2-1/2"]
[WhiteElo "2280"]
[BlackElo "2095"]
[PlyCount "78"]
[EventDate "2001.10.07"]
[EventType "team"]
[EventRounds "9"]
[EventCountry "GER"]
[SourceTitle "EXT 2002"]
[Source "ChessBase"]
[SourceDate "2001.11.25"]
[SourceVersion "1"]
[SourceVersionDate "2001.11.25"]
[SourceQuality "1"]
[WhiteTeam "Kreuzberg II"]
[BlackTeam "Koenig Tegel II"]
[WhiteTeamCountry "GER"]
[BlackTeamCountry "GER"]

1. Nf3 Nf6 2. c4 g6 3. Nc3 d5 4. cxd5 Nxd5 5. e4 Nxc3 6. dxc3 Qxd1+ 7. Kxd1 Bg7 8. Bf4 c6 9. Kc2 Nd7 10. Nd2 0-0 11. Be2 Nc5 12. Be3 Ne6 13. f4 Bh6 14. g3 Nc7 15. Bc5 Re8 16. Nc4 b6 17. Bf2 Ba6 18. e5 Rad8 19. Rhe1 Bg7 20. Rad1 Kh8 21. a4 f6 22. Rxd8 Rxd8 23. exf6 exf6 24. Nd6 Kg8 25. Bxa6 Nxa6 26. Re8+ Rxe8 27. Nxe8 Kf7 28. Nxg7 Kxg7 29. a5 c5 30. Kd3 Kf7 31. axb6 axb6 32. Kc4 Nc7 33. b4 Ke6 34. bxc5 bxc5 35. Kxc5 g5 36. fxg5 fxg5 37. c4 Ne8 38. Be3 g4 39. Kc6 Nf6 1/2-1/2

[Event "BL2-Nord 0001"]
[Site "Germany"]
[Date "2001.01.28"]
[Round "5.7"]
[White "Thiele, Matthias"]
[Black "Dimitrijeski, Boris"]
[Result "1-0"]
[WhiteElo "2094"]
[BlackElo "2206"]
[PlyCount "73"]
[EventDate "2000.10.15"]
[EventType "team-tourn"]
[EventRounds "9"]
[EventCountry "GER"]
[SourceTitle "CBM 082 Extra"]
[Source "ChessBase"]
[SourceDate "2001.07.03"]
[SourceVersion "1"]
[SourceVersionDate "2001.07.03"]
[SourceQuality "1"]
[WhiteTeam "Koenig Tegel II"]
[BlackTeam "Neukloster"]
[WhiteTeamCountry "GER"]
[BlackTeamCountry "GER"]

1. Nf3 Nf6 2. c4 g6 3. g3 Bg7 4. Bg2 0-0 5. 0-0 d6 6. Nc3 e5 7. b4 a5 8. b5 Nbd7 9. Ba3 Re8 10. Rc1 Nc5 11. d3 e4 12. Ne1 e3 13. f3 Ne6 14. f4 Ng4 15. Nf3 Nd4 16. Nxd4 Bxd4 17. Qc2 h5 18. Bb2 Nf6 19. Ne4 Bxb2 20. Qxb2 Nxe4 21. Bxe4 Bh3 22. Bxb7 Bxf1 23. Rxf1 Rb8 24. Bd5 h4 25. f5 g5 26. gxh4 Re5 27. Qd4 Qf6 28. Qg4 Rxd5 29. cxd5 Rxb5 30. hxg5 Rb4 31. Qxb4 Qxg5+ 32. Kh1 axb4 33. Rg1 f6 34. Rxg5+ fxg5 35. Kg2 Kf7 36. Kf3 Kf6 37. Kg4 1-0

[Event "BL2-Nord 0001"]
[Site "Germany"]
[Date "2000.11.12"]
[Round "2.8"]
[White "Thiele, Matthias"]
[Black "Schunk, Thomas"]
[Result "0-1"]
[WhiteElo "2094"]
[BlackElo "2254"]
[PlyCount "134"]
[EventDate "2000.10.15"]
[EventType "team-tourn"]
[EventRounds "9"]
[EventCountry "GER"]
[SourceTitle "CBM 082 Extra"]
[Source "ChessBase"]
[SourceDate "2001.07.03"]
[SourceVersion "1"]
[SourceVersionDate "2001.07.03"]
[SourceQuality "1"]
[WhiteTeam "Koenig Tegel II"]
[BlackTeam "Leipzig Gohlis"]
[WhiteTeamCountry "GER"]
[BlackTeamCountry "GER"]

1. Nf3 d6 2. c4 e5 3. Nc3 f5 4. d3 Nf6 5. g3 Be7 6. Bg2 0-0 7. 0-0 c6 8. c5 Na6 9. cxd6 Bxd6 10. a3 Nc7 11. b4 Kh8 12. Rb1 Qe8 13. Bb2 Bd7 14. Nd2 Ne6 15. Nc4 Bc7 16. a4 Qh5 17. e3 Qe8 18. b5 Rd8 19. Qe2 Rf7 20. Ba3 Bc8 21. b6 axb6 22. Nxb6 Bxb6 23. Rxb6 Nd7 24. Rb2 Ndc5 25. d4 exd4 26. exd4 Ne4 27. Nxe4 Nxd4 28. Qe3 fxe4 29. Qxe4 Bf5 30. Qxe8+ Rxe8 31. Bc5 Ne2+ 32. Kh1 h6 33. Be3 Nc3 34. Rc1 Rd8 35. Bb6 Nxa4 36. Bxd8 Nxb2 37. Bb6 Rd7 38. h4 Nd3 39. Rc3 Ne5 40. f3 Rd1+ 41. Kh2 Rd2 42. g4 Bd3 43. Kg3 Nc4 44. Bf2 b6 45. f4 c5 46. Bd5 Nd6 47. Be3 Rd1 48. Rb3 Bc4 49. Bxc4 Nxc4 50. Bf2 Rd5 51. g5 h5 52. Rc3 Nd6 53. Kf3 Kh7 54. Re3 Kg6 55. Re5 Rxe5 56. fxe5 Nb5 57. Ke4 Nc7 58. Be3 Kf7 59. g6+ Kxg6 60. Bg5 Ne6 61. Be7 b5 62. Kd5 Kf5 63. Bd6 b4 64. Kc4 g6 65. Kb3 g5 66. hxg5 h4 67. g6 Kxg6 0-1

[Event "Berlin tt 0001"]
[Site "Berlin"]
[Date "2000.11.05"]
[Round "10.4"]
[White "Thiele, Matthias"]
[Black "Grabow, Gilbert"]
[Result "1-0"]
[WhiteElo "2094"]
[BlackElo "2181"]
[PlyCount "49"]
[EventDate "2000.10.22"]
[EventType "team"]
[EventRounds "11"]
[EventCountry "GER"]
[SourceTitle "EXT 2007"]
[Source "ChessBase"]
[SourceDate "2006.11.23"]
[SourceVersion "1"]
[SourceVersionDate "2006.11.23"]
[SourceQuality "1"]

1. Nf3 Nf6 2. c4 g6 3. g3 Bg7 4. Bg2 0-0 5. 0-0 d6 6. Nc3 e5 7. b4 e4 8. Ne1 Re8 9. Bb2 c6 10. d3 e3 11. fxe3 Ng4 12. Nc2 Nxe3 13. Nxe3 Bd4 14. Kh1 Rxe3 15. Qd2 f5 16. Rf4 c5 17. Nd5 Bxb2 18. Qxb2 Re6 19. g4 Nc6 20. Rg1 Re5 21. bxc5 dxc5 22. gxf5 Bxf5 23. Qxb7 Rc8 24. e4 Na5 25. Qb2 1-0

[Event "BL2-Nord 0001"]
[Site "Germany"]
[Date "2000.10.15"]
[Round "1.8"]
[White "Thiele, Matthias"]
[Black "Wittfoth, Kai Uwe"]
[Result "1-0"]
[WhiteElo "2094"]
[BlackElo "2141"]
[PlyCount "77"]
[EventDate "2000.10.15"]
[EventType "team-tourn"]
[EventRounds "9"]
[EventCountry "GER"]
[SourceTitle "CBM 082 Extra"]
[Source "ChessBase"]
[SourceDate "2001.07.03"]
[SourceVersion "1"]
[SourceVersionDate "2001.07.03"]
[SourceQuality "1"]
[WhiteTeam "Koenig Tegel II"]
[BlackTeam "Bremer SG"]
[WhiteTeamCountry "GER"]
[BlackTeamCountry "GER"]

1. Nf3 d5 2. c4 e6 3. g3 Nf6 4. Bg2 Be7 5. 0-0 0-0 6. b3 Nbd7 7. Bb2 b6 8. Nc3 Bb7 9. d3 c5 10. e3 Qc7 11. Qc2 Rad8 12. Rae1 Qb8 13. e4 dxe4 14. dxe4 Ng4 15. Nd2 Bf6 16. h3 Nge5 17. f4 Nc6 18. Nf3 Nd4 19. Nxd4 Bxd4+ 20. Kh2 Nf6 21. e5 Ne8 22. Ne4 Bxe4 23. Bxe4 g6 24. Bxd4 Rxd4 25. Rd1 Ng7 26. Rxd4 cxd4 27. Rd1 Rd8 28. Qb2 Nf5 29. Bxf5 gxf5 30. Rxd4 Rxd4 31. Qxd4 Qb7 32. Qd3 Qc6 33. h4 Qc5 34. Kg2 Qc6+ 35. Kh2 Qc5 36. Qd2 Qc6 37. h5 Qf3 38. Qd8+ Kg7 39. h6+ 1-0

[Event "DLM-chT U20"]
[Site "Bad Homburg"]
[Date "2000.08.03"]
[Round "6.2"]
[White "Thiele, Matthias"]
[Black "Schuetze, Norman"]
[Result "1/2-1/2"]
[WhiteElo "2094"]
[BlackElo "2132"]
[PlyCount "76"]
[EventDate "2000.07.29"]
[EventType "team-swiss"]
[EventRounds "7"]
[EventCountry "GER"]
[SourceTitle "EXT 2001"]
[Source "ChessBase"]
[SourceDate "2000.11.22"]
[SourceVersion "1"]
[SourceVersionDate "2000.11.22"]
[SourceQuality "1"]

1. Nf3 g6 2. g3 Bg7 3. c4 f5 4. Bg2 Nf6 5. 0-0 0-0 6. Nc3 d6 7. d3 e5 8. Rb1 a5 9. a3 Nc6 10. b4 axb4 11. axb4 Nh5 12. b5 Ne7 13. Bb2 h6 14. Ra1 Rb8 15. Qb3 Be6 16. Nd2 g5 17. Ra7 Qc8 18. Ba3 Rd8 19. Rc1 c6 20. bxc6 Nxc6 21. Ra4 Nf6 22. Nb5 Bf8 23. Nb1 Qd7 24. Nd2 Qf7 25. Qd1 Nh7 26. Rb1 g4 27. Na7 Qe8 28. Rb6 Bd7 29. Nxc6 Bxc6 30. Bxc6 bxc6 31. Qb3 Rxb6 32. Qxb6 Ng5 33. Ra7 f4 34. Qb7 Rb8 35. Qc7 c5 36. Bc1 Rc8 37. Qb7 Rb8 38. Qc7 Rc8 1/2-1/2

[Event "GER-chT U20"]
[Site "Neumuenster"]
[Date "2000.??.??"]
[Round "7"]
[White "Rudnizki, Sergej"]
[Black "Thiele, Matthias"]
[Result "1-0"]
[WhiteElo "2176"]
[BlackElo "2094"]
[PlyCount "63"]
[EventDate "2000.12.??"]
[EventType "team-swiss"]
[EventRounds "7"]
[EventCountry "GER"]
[SourceTitle "EXT 2002"]
[Source "ChessBase"]
[SourceDate "2001.11.25"]
[SourceVersion "1"]
[SourceVersionDate "2001.11.25"]
[SourceQuality "1"]

1. e4 c5 2. Nf3 e6 3. d4 cxd4 4. Nxd4 a6 5. Bd3 Bc5 6. Nb3 Ba7 7. Qe2 Nc6 8. Be3 d6 9. 0-0 Nf6 10. N1d2 Qc7 11. f4 0-0 12. a3 b5 13. Kh1 Bb7 14. Bxa7 Rxa7 15. Rae1 e5 16. f5 d5 17. exd5 Nxd5 18. f6 g6 19. Qg4 Rb8 20. Qg5 Qd8 21. Be4 Nf4 22. Nf3 Ne6 23. Qh4 Qf8 24. Bd5 Nf4 25. Ng5 h6 26. Bxf7+ Kh8 27. Nc5 Nd8 28. Rxf4 Nxf7 29. Nxf7+ Qxf7 30. Qxh6+ Kg8 31. Rg4 Qh7 32. f7+ 1-0

[Event "Gelsenkirchen op"]
[Site "Gelsenkirchen"]
[Date "2000.??.??"]
[Round "1"]
[White "Thiele, Matthias"]
[Black "Klovans, Janis"]
[Result "1/2-1/2"]
[WhiteElo "2091"]
[BlackElo "2492"]
[PlyCount "96"]
[EventDate "2000.??.??"]
[EventType "swiss"]
[EventRounds "10"]
[EventCountry "GER"]
[SourceTitle "EXT 2001"]
[Source "ChessBase"]
[SourceDate "2000.11.22"]
[SourceVersion "1"]
[SourceVersionDate "2000.11.22"]
[SourceQuality "1"]

1. Nf3 Nf6 2. c4 e6 3. g3 d5 4. Bg2 dxc4 5. Qa4+ Nbd7 6. Qxc4 c5 7. 0-0 b6 8. b3 Bb7 9. Bb2 a6 10. d3 b5 11. Qc2 Bd6 12. Nbd2 0-0 13. Rac1 Re8 14. Qb1 Qe7 15. Qa1 e5 16. Ng5 Bxg2 17. Kxg2 Nd5 18. Nge4 Bc7 19. Nc3 Nxc3 20. Bxc3 f5 21. Bb2 Nf6 22. Qb1 Bd6 23. Qc2 Rad8 24. Ba3 Rc8 25. Kg1 Qe6 26. Bb2 f4 27. Kg2 h6 28. a4 Qd5+ 29. Kg1 Qf7 30. Kg2 Qh5 31. Ne4 Be7 32. Nxf6+ Bxf6 33. axb5 axb5 34. Rfe1 Qg6 35. Ra1 c4 36. bxc4 bxc4 37. Rac1 cxd3 38. Qb3+ Kh8 39. Rxc8 Rxc8 40. Qxd3 e4 41. Qa6 Rf8 42. Bxf6 Rxf6 43. Qa8+ Kh7 44. f3 Re6 45. Rf1 h5 46. Qb8 Rf6 47. Qe5 e3 48. Rc1 fxg3 1/2-1/2

[Event "GER-chT U20"]
[Site "Neumuenster"]
[Date "2000.??.??"]
[Round "4"]
[White "Thiele, Matthias"]
[Black "Korotkjevich, Stanislav"]
[Result "1/2-1/2"]
[WhiteElo "2094"]
[BlackElo "2264"]
[PlyCount "73"]
[EventDate "2000.12.??"]
[EventType "team-swiss"]
[EventRounds "7"]
[EventCountry "GER"]
[SourceTitle "EXT 2002"]
[Source "ChessBase"]
[SourceDate "2001.11.25"]
[SourceVersion "1"]
[SourceVersionDate "2001.11.25"]
[SourceQuality "1"]

1. Nf3 Nf6 2. c4 g6 3. g3 Bg7 4. Bg2 0-0 5. 0-0 c5 6. d4 cxd4 7. Nxd4 d6 8. Nc3 a6 9. b3 Qb6 10. Bb2 Nc6 11. Nc2 Be6 12. Nd5 Bxd5 13. cxd5 Nb8 14. Qd2 Ne4 15. Bxe4 Bxb2 16. Rab1 Bg7 17. Ne3 Nd7 18. Nc4 Qa7 19. Bg2 Rac8 20. Rbc1 Rc7 21. Bh3 f5 22. Rc2 Nf6 23. Bg2 Ng4 24. h3 Nf6 25. Rfc1 Nd7 26. Na5 Rxc2 27. Rxc2 Qb6 28. Nc4 Qa7 29. e3 Rc8 30. Na5 Rxc2 31. Qxc2 Qc5 32. Qxc5 Nxc5 33. b4 Nd3 34. Nxb7 Nxb4 35. a3 Nc2 36. Bf1 Nxa3 37. Bxa6 1/2-1/2

[Event "GER-chT U20"]
[Site "Neumuenster"]
[Date "2000.??.??"]
[Round "1"]
[White "Thiele, Matthias"]
[Black "Philipowski, Robert"]
[Result "1-0"]
[WhiteElo "2094"]
[BlackElo "2275"]
[PlyCount "79"]
[EventDate "2000.12.??"]
[EventType "team-swiss"]
[EventRounds "7"]
[EventCountry "GER"]
[SourceTitle "EXT 2002"]
[Source "ChessBase"]
[SourceDate "2001.11.25"]
[SourceVersion "1"]
[SourceVersionDate "2001.11.25"]
[SourceQuality "1"]

1. Nf3 d5 2. c4 c6 3. g3 Nf6 4. Bg2 Bf5 5. cxd5 cxd5 6. Qb3 Qb6 7. Qxb6 axb6 8. Nc3 Nc6 9. d3 h6 10. 0-0 e6 11. Re1 Bh7 12. Bd2 Be7 13. Nb5 0-0 14. Rec1 Rfc8 15. a3 Kf8 16. Nfd4 Ke8 17. Bh3 Nd7 18. Be3 Nc5 19. Rc2 Nxd4 20. Nxd4 Bf6 21. Rac1 Rd8 22. Nb5 Kf8 23. b4 Nxd3 24. exd3 Bxd3 25. Bxb6 Bxb5 26. Bxd8 Rxd8 27. Bf1 Ba4 28. Rc7 Bc6 29. b5 Be5 30. bxc6 Bxc7 31. cxb7 Bb8 32. Rc8 Ke7 33. a4 d4 34. Bd3 Kd7 35. Bb5+ Ke7 36. a5 Ba7 37. Ra8 Bb8 38. a6 Kd6 39. a7 Kc7 40. Rxb8 1-0